00581nam a2200193Ia 4500003000400000008004100004040001600045082001800061100002600079245009400105700002300199700003000222300001100252490002700263650002100290650001900311650004000330650001700370GCL140319s9999 xx 000 0 ara d aGCL / cGCL04a621.38bى ا1 aمحمود مختار10aاشباه الموصلات وتطبيقاتها العملية / cمحمود مختار1 aيوفى، ا. ف.1 aيوسف ليتويوسف a104 ص aالالف كتابv004aالكهرباء04aالحرارة04aالطاقة الكهربائية04aالطاقة